Statistics for Mountain, Desert, or River?

Click here to take the quiz!

General Stats

  • This quiz has been taken 91 times
  • The average score is 27 of 30

Answer Stats

Landforms% Correct
Ganges {River}
100%
Gobi {Desert}
100%
Arabian {Desert}
99%
Sahara {Desert}
99%
Himalayan {Mountains}
98%
Nile {River}
98%
Amazon {River}
96%
Indus {River}
95%
Ural {Mountains}
95%
Mississippi {River}
93%
Hindu Kush {Mountains}
92%
Missouri {River}
91%
Turkestan {Desert}
89%
Andes {Mountains}
88%
Kalahari {Desert}
88%
Yenisei {River}
88%
Appalachian {Mountains}
87%
Blue Ridge {Mountains}
87%
Tigris {River}
87%
Aconcagua {Desert}
86%
Volga {River}
86%
Rocky {Mountains}
85%
Taklamakan {Desert}
85%
Yangtze {River}
85%
Huang He {River}
84%
Ob {River}
84%
Atacama {Desert}
82%
Euphrates {River}
82%
Great Smoky {Mountains}
82%
Thar {Desert}
82%

Score Distribution

Percentile by Number Answered

Percent of People with Each Score

Your Score History

You have not taken this quiz